| Registos Bibliográficos associados ao registo de autoridade |
|
Etiqueta de registo: 00254nam 2200025 450 001 2285267 003 http://id.bnportugal.gov.pt/bib/catbnp/2285267 010 ## $a978-989-679-976-2 021 ## $aPT$b506537/22 100 ## $a20260427d2023 c y0pory01030103ba 101 1# $apor 102 ## $aPT 105 ## $aa z 000yy 106 ## $ar 200 1# $a Uma canção cheia de céu$ftexto Ruth Doyle$gil. Britta Teckentrup$gtrad. e adapt. Carina Mariais 205 ## $a1ª ed 210 #9 $aLisboa$cEdicare,$d2023 215 ## $a[32] p.$cil.$d29 cm 700 #1 $aDoyle,$bRuth$31996927 701 #1 $aTeckentrup,$bBritta,$f1969-$4440$31742584 702 #1 $aMariais,$bCarina$4730$31905958 801 #0 $aPT$bBN$gRPC 966 ## $lBN$mFGMON$x1 966 ## $lBN$mFGMON$x1 971 ## $corlando$d20260427
|
|
|